000 00641nam a2200181 4500
001 121192
003 ES-MaACL
005 20230906191716.0
007 t|
008 070214s1964 sp r ||||1| spa d
100 1 _aPont Mestres, Magin.
_993043
245 1 3 _aEl nuevo sistema tributario y su aplicación a las empresas /
_cMagín Pont Mestres, Antonio Lancuentra Buerba ; con la colaboración de Ricardo Estruch Constant.
260 _aBarcelona :
_bAriel,
_c1964.
300 _a382 p. ;
_c24 cm.
700 1 _aLancuentra Buerba, Antonio.
_969909
700 1 _aEstruch Constant, Ricardo.
_948257
852 _aES-MaACL
_jC-26361
_bR.54626
999 _c121192
_d121192